000 02116cam a2200181 4500500
005 20260208011051.0
041 _afre
042 _adc
100 1 0 _aLévi, Florence
_eauthor
245 0 0 _aRaphaël Sigal, Géographie de l’oubli, Paris, Robert Laffont, coll. Pavillons, 2025, 144 pages.
260 _c2026.
500 _a57
520 _aVladimir Jankélévitch s’est refusé à devenir le « polichinelle de l’inachevé ». Comment comprendre cette assertion de la part d’un philosophe qui, par sa parole si musicale, nous a fait découvrir que nous sommes « quelque part dans l’inachevé » ? En ne jouant pas à trouver un secret de polichinelle, mais en questionnant le secret de l’inachevé. Inachèvement du vivant, inachèvement de la musique et, quelque part, l’inachevé de l’action. N’est-il pas temps, aujourd’hui, de vivre à nouveau l’inachevé de l’engagement ?
520 _aVladimir Jankélévitch recusou tornar-se no “polichinelo do inacabado”. Como compreender esta afirmação de um filósofo que, pela sua palavra tão musical, nos levou a descobrir que estamos sempre “algures no inacabado” ? Renunciando a encontrar um segredo de polichinelo e questionando o próprio segredo do inacabado. Inacabado do vivente, inacabado da música e, em certa medida, inacabado da ação. Não será tempo, hoje, de voltarmos a viver o inacabamento do compromisso ?
520 _aVladimir Jankélévitch refused to become “incompletion’s fool”. How are we to understand this statement coming from a philosopher who, in his most musical language, revealed to us that we dwell “somewhere in incompletion”? The point is not to uncover an open secret but to question the secret of incompletion – that of living beings, that of music, and even, in a sense, the incompletion of action. Has the time not come, nowadays, to experience commitment and its incompletion all over again?
786 0 _nSigila | 56 | 2 | 2026-01-20 | p. 143-145 | 1286-1715
856 4 1 _uhttps://shs.cairn.info/revue-sigila-2025-2-page-143?lang=fr&redirect-ssocas=7080
999 _c1659398
_d1659398